! Que divertido es pensar! (Record no. 79624)

MARC details
000 -CABECERA
campo de control de longitud fija 00579nam a2200217 a 4500
005 - FECHA Y HORA DE LA ÚLTIMA TRANSACCIÓN
campo de control 20210223124048.0
008 - ELEMENTOS DE LONGITUD FIJA--INFORMACIÓN GENERAL
campo de control de longitud fija 991125n 000 0 u
035 ## - NÚMERO DE CONTROL DEL SISTEMA
Número de control de sistema UPN01000105708
100 1# - ASIENTO PRINCIPAL--NOMBRE PERSONAL
Nombre de persona Corbalán Yuste, Fernando,
Fechas asociadas al nombre 1948-
9 (RLIN) 36229
222 ## - TÍTULO CLAVE
Título clave CUADERNOS DE PEDAGOGIA
245 ## - MENCIÓN DE TÍTULO
Título ! Que divertido es pensar!
260 ## - PUBLICACIÓN, DISTRIBUCIÓN, ETC.
Lugar de publicación, distribución, etc. Barcelona, España
300 ## - DESCRIPCIÓN FÍSICA
Extensión 10-12
362 0# - FECHAS DE PUBLICACIÓN Y/O DESIGNACIÓN SECUENCIAL
Fecha de publicación y/o designación secuencial 1992 No. 202, abr.
653 0# - TERMINO DE INDIZACION - NO CONTROLADO
Término no controlado AULA
653 0# - TERMINO DE INDIZACION - NO CONTROLADO
Término no controlado INVESTIGACION
653 0# - TERMINO DE INDIZACION - NO CONTROLADO
Término no controlado MATEMATICA RECREATIVA
653 0# - TERMINO DE INDIZACION - NO CONTROLADO
Término no controlado TECNICAS DE MOTIVACION
904 ## - ELEMENTOS DE DATOS D LOCAL, LDD (RLIN)
a AC
b 043519
905 ## - TIPO DE MATERIAL
Tipo de material Articulo

No items available.